[Event "Asian Zonal 3.3 Women 2019"]
[Site "Ulaanbaatar"]
[Date "2019.04.09"]
[Round "3.11"]
[White "Le, Thanh Tu"]
[Black "Khongorzul, Davaakhuu"]
[Result "1-0"]
[WhiteElo "2220"]
[BlackElo "1568"]
[Annotator "TA"]
[PlyCount "117"]
[EventDate "2019.04.07"]
[EventType "swiss"]
[EventRounds "9"]
[EventCountry "MGL"]
[SourceTitle "playchess.com"]
[Source "ChessBase"]
[SourceQuality "1"]

{[%evp 9,117,38,41,40,30,32,39,31,34,34,32,27,37,52,82,60,92,72,74,76,67,75,85,86,108,108,100,106,181,152,194,187,187,187,202,189,189,197,166,171,161,159,161,123,128,115,162,133,159,162,160,119,152,162,164,104,132,100,118,107,209,196,249,205,195,91,90,91,105,80,80,80,80,80,80,70,70,70,167,76,140,135,202,88,173,89,194,189,179,191,197,190,184,104,107,89,403,388,1113,1075,1038,1066,975,941,6079,6079,5711,5705,6079,5887]} 1. d4 d5 2. c4 c6 3. Nf3 Nf6 4. Nc3 h6 5. g3 Bf5 6. cxd5 {D15: Slav Defence: 4 Nc3 a6 and gambit lines after 4 Nc3 dxc4} cxd5 7. Qb3 {aiming for e4.} Qb6 8. Nxd5 {White is slightly better.} Nxd5 9. Qxd5 e6 10. Qb3 Qxb3 $146 ({Predecessor:} 10... Bb4+ 11. Bd2 Nc6 12. Bxb4 Qxb4+ 13. Qxb4 Nxb4 {1-0 (83) Mchedlishvili,M (2605)-Girya,O (2476) Minsk 2017}) 11. axb3 Bc2 12. Bg2 Bxb3 13. Nd2 Bd5 14. Bxd5 exd5 15. Ra5 $36 {[%mdl 2048] Black is under strong pressure.} Nc6 16. Rxd5 Be7 17. O-O a6 18. Nb3 g6 (18... Nb4 $16 {might work better.} 19. Re5 Rd8) 19. Bd2 $1 $18 h5 20. Rc1 O-O 21. Rd7 {Black must now prevent d5.} Rad8 22. Rxb7 Nxd4 23. Nxd4 Rxd4 24. Be3 Re4 25. Rc6 a5 26. Kg2 Bb4 27. Rcc7 Kg7 28. Kf3 Re6 29. Bd4+ Kg8 30. h4 Bd6 31. Rd7 Bb4 32. Rb6 (32. Be3 $18) 32... Ree8 33. Rc6 Rb8 34. e3 Rb5 (34... Rbc8 $16 {was worth a try.} 35. Rf6 Rcd8) 35. Ke2 Re8 (35... Rbb8 $142 36. Kf3 Rbc8) 36. Rf6 Be7 37. Rb6 (37. Ra6 $1 $18 {has better winning chances.} Bb4 38. Raa7) 37... Rxb6 $16 38. Bxb6 {[%mdl 4096] Endgame KRB-KRB} Bf6 39. Bd4 Bxd4 40. Rxd4 {KR-KR} Rb8 41. Rd2 a4 42. Kd1 Kg7 43. Kc2 Ra8 (43... f6 $14) 44. Rd3 (44. Kb1 $1 $18 {and White stays clearly on top.}) 44... Ra5 (44... f6 $142) 45. Kb1 $1 f6 (45... Rf5 $16) 46. Ka2 (46. Ra3 $1 $18 {is the precise move to win.}) 46... g5 (46... Rc5 $16) 47. Rd4 ({White should play} 47. Ka3 $1 $18) 47... Kg6 (47... Rc5 $16 {keeps fighting.}) 48. Ka3 $18 Rf5 49. f4 ({Much less strong is} 49. Rxa4 $6 Rxf2 50. b4 Rf5 $14) 49... gxh4 50. gxh4 Rb5 {[#] intending ...Rb3+.} 51. Rxa4 (51. Rb4 $1 $18 {[%cal Rb4b5]} Rc5 52. Kxa4 (52. Rxa4 Kf5 $16)) 51... Kf5 $16 52. b4 {[%cal Bb2b4,Bb4b5][%mdl 32] And now Ra5 would win.} Kg4 $2 {[%mdl 8192] [#]} (52... Rb8 $16 53. Ra6 Rf8) 53. Ra6 $1 $18 Kf3 $2 (53... Kxh4 54. Rxf6 Kg3 55. Rg6+ Kf2) 54. Ka4 {White is clearly winning.} Rb8 55. b5 f5 56. Rf6 Kxe3 57. Rxf5 Ke4 58. Rxh5 Kxf4 59. Rh6 {Accuracy: White = 49%, Black = 34%.} 1-0

[Event "Asian Zonal 3.3 Women 2019"]
[Site "Ulaanbaatar"]
[Date "2019.04.09"]
[Round "3.12"]
[White "Margadgua, Erdenebayar"]
[Black "Frayna, Janelle Mae"]
[Result "1/2-1/2"]
[WhiteElo "1585"]
[BlackElo "2163"]
[Annotator "TA"]
[PlyCount "53"]
[EventDate "2019.04.07"]
[EventType "swiss"]
[EventRounds "9"]
[EventCountry "MGL"]
[SourceTitle "playchess.com"]
[Source "ChessBase"]
[SourceQuality "1"]

{[%evp 14,53,82,45,44,41,41,41,59,-19,-23,-123,-37,-108,-65,-56,-52,-65,-79,-74,-48,-32,0,-53,14,0,0,0,0,-71,0,0,11,0,30,0,14,29,62,78,84,66]} 1. e4 Nf6 2. e5 Nd5 3. d4 d6 4. c4 Nb6 5. f4 g6 6. Be3 Bg7 7. Nc3 O-O 8. Be2 {LiveBook: 3 Games} Be6 {B03: Alekhine's Defence: Four Pawns Attack} 9. d5 Bc8 10. Nf3 Bg4 {White is slightly better.} 11. exd6 (11. c5 $14 N6d7 12. Qb3 Nxc5 13. Bxc5 dxc5 14. O-O (14. Qxb7 Nd7 $11)) 11... Bxf3 $146 ({Predecessor:} 11... exd6 12. O-O N8d7 13. Bd4 Bxd4+ 14. Nxd4 Bxe2 15. Qxe2 {½-½ (73) Pein,J (2106)-Burdalev,K (2377) Pardubice 2018}) 12. Bxb6 (12. gxf3 $11 {keeps the balance.} exd6 13. O-O) 12... Qxd6 ({Much worse is} 12... cxb6 $6 13. Bxf3 exd6 14. O-O $11) (12... Bxc3+ $17 13. bxc3 exd6 14. Bxf3 axb6) 13. Bxf3 (13. Bd4 $15 Bxe2 14. Nxe2) 13... Bxc3+ ({Don't do} 13... Qxb6 14. Qd2 $15) 14. bxc3 {[#] Threatens to win with Be3.} axb6 15. Qd4 Nd7 16. O-O {[%cal Bh1f1,Bf1f3,Bf3e3][%mdl 32]} Ra4 17. Bd1 $1 {[%cal Rd1a4]} Raa8 18. f5 ({Better is} 18. Bf3 $11) 18... Nf6 (18... Ra3 $15) 19. fxg6 hxg6 20. Rf3 Kg7 21. Bc2 (21. Bb3 $11) 21... Rad8 (21... Rh8 $17 22. h3 Rh5) 22. Re1 Ra8 23. a4 Rh8 24. h3 Rhe8 25. Rfe3 Kf8 26. g4 {Black must now prevent g5.} Qc5 27. Qf4 {Accuracy: White = 31%, Black = 27%.} 1/2-1/2

[Event "Asian Zonal 3.3 Women 2019"]
[Site "Ulaanbaatar"]
[Date "2019.04.09"]
[Round "3.13"]
[White "Urangoo, Kherlenzorig"]
[Black "Pham, Bich Ngoc"]
[Result "0-1"]
[WhiteElo "1475"]
[BlackElo "2160"]
[Annotator "TA"]
[PlyCount "82"]
[EventDate "2019.04.07"]
[EventType "swiss"]
[EventRounds "9"]
[EventCountry "MGL"]
[SourceTitle "playchess.com"]
[Source "ChessBase"]
[SourceQuality "1"]

{[%evp 15,82,-24,8,-50,-55,-62,-52,-95,-76,-78,-44,-39,-10,-15,-4,-16,-15,-38,10,0,51,-120,-131,-137,-83,-81,-82,-194,-201,-244,-243,-193,-105,-106,-88,-66,-62,-97,-72,-107,-91,-319,-123,-335,-336,-308,-196,-261,-184,-496,-396,-600,-588,-718,-709,-701,-666,-811,-711,-763,-753,-752,-744,-766,-745,-975,-976,-1119,-894]} 1. e4 g6 2. d3 Bg7 3. Nf3 c5 4. Nbd2 Nc6 5. g3 Nf6 6. Bg2 d5 7. O-O O-O 8. Re1 d4 9. h3 {A08: King's Indian Attack} (9. Nc4 $11) (9. a4 e5 10. Nc4 Ne8 11. c3 Nd6 12. Nxd6 Qxd6 13. a5 Bd7 14. b4 cxb4 15. cxb4 b5 16. Nd2 Rfc8 17. Ba3 Bf8 18. Rf1 Bh6 19. Nb3 Nxb4 {0-1 (45) Rotstein,A (2490)-Bellia,F (2428) Forni di Sopra 2018}) 9... e5 $15 10. Nf1 h6 11. g4 $146 {Black is slightly better.} ({Predecessor:} 11. N1h2 Be6 12. b3 Qd7 13. h4 b5 14. a4 a6 15. Nd2 Rfc8 16. Qe2 Nb4 {0-1 (33) Bluteau,Y-Lessard,C (1872) Quebec 2017}) 11... Ne8 12. Ng3 Nd6 13. Nh2 b5 14. f4 c4 15. fxe5 Nxe5 16. Nf3 Bb7 17. Bf4 Re8 ({Black should try} 17... Qe7 $11) 18. Ne2 $2 (18. Bxe5 $14 {keeps the upper hand.} Rxe5 19. Nxe5 Bxe5 20. Ne2) 18... Nxf3+ $17 19. Bxf3 g5 (19... f5 $142 $1 {[%cal Rf5e4]} 20. gxf5 Nxf5) 20. Bd2 {[#]} f5 $1 {[%mdl 512]} 21. Ng3 (21. gxf5 $17 Nxf5 22. Rf1 (22. Bh5 Rf8 $17)) (21. exf5 Bxf3) 21... c3 $19 22. bxc3 dxc3 23. Bc1 f4 (23... fxe4 $19 24. dxe4 Qc7) 24. Nf5 $17 Nxf5 25. gxf5 Qd4+ 26. Kg2 b4 27. Qe2 a5 $36 {[%mdl 2048] [#] White is under strong pressure.} 28. a3 $2 {[#]} (28. h4 $1 $17 {[%mdl 512]}) 28... Be5 $2 (28... b3 $1 $19 {[%mdl 512] and Black stays clearly on top. And now ...b2 would win.} 29. cxb3 Ba6) 29. Qf2 $2 (29. Rb1 $17) 29... Qxf2+ $19 30. Kxf2 Bc6 31. h4 (31. a4 $142) 31... Kg7 ({Less strong is} 31... gxh4 32. Rh1 $15) 32. Rd1 $2 (32. Rb1 {is tougher.}) 32... Bd4+ 33. Kg2 (33. Ke2 $142 b3 34. hxg5 hxg5 35. cxb3) 33... b3 {Black is clearly winning.} 34. Rh1 b2 {[%mdl 64] Double Attack} 35. Rb1 Rab8 36. Bh5 Rh8 37. Kf3 bxc1=Q 38. Rbxc1 Rb2 39. Rh2 Ba4 40. Re1 Bxc2 41. e5 {[#]} Bd1+ $1 {[%mdl 576] Discovered Attack. Accuracy: White = 18%, Black = 48%.} 0-1

[Event "Asian Zonal 3.3 Women 2019"]
[Site "Ulaanbaatar"]
[Date "2019.04.09"]
[Round "3.14"]
[White "Nomindalai, Tumurbaatar"]
[Black "Anujin, Bat-Amgalan"]
[Result "1-0"]
[WhiteElo "1958"]
[BlackElo "1407"]
[Annotator "NA RC"]
[PlyCount "47"]
[EventDate "2019.04.07"]
[EventType "swiss"]
[EventRounds "9"]
[EventCountry "MGL"]
[SourceTitle "playchess.com"]
[Source "ChessBase"]
[SourceQuality "1"]
[TimeControl "40/5400+30:1800+30"]

1. d4 d5 2. Bf4 Nf6 3. e3 c5 4. dxc5 Nc6 5. Bb5 e6 6. b4 a5 7. c3 Bd7 8. Qb3 Ne4 9. a3 b6 10. f3 e5 11. fxe4 exf4 12. Qxd5 Qh4+ 13. Kf1 fxe3 14. Ra2 Qf6+ 15. Nf3 bxc5 16. bxc5 Rd8 17. c4 Nb4 18. Bxd7+ Rxd7 19. axb4 Rxd5 20. cxd5 Qa6+ 21. Re2 axb4 22. d6 Qd3 23. Ne5 Bxd6 24. Nxd3 1-0

[Event "Asian Zonal 3.3 Women 2019"]
[Site "Ulaanbaatar"]
[Date "2019.04.09"]
[Round "3.15"]
[White "Otgonjargal, Sengeravdan"]
[Black "Anu, Bayar"]
[Result "1-0"]
[WhiteElo "2162"]
[BlackElo "2146"]
[Annotator "TA"]
[PlyCount "99"]
[EventDate "2019.04.07"]
[EventType "swiss"]
[EventRounds "9"]
[EventCountry "MGL"]
[SourceTitle "playchess.com"]
[Source "ChessBase"]
[SourceQuality "1"]

{[%evp 10,99,0,0,35,-13,0,-2,-6,-14,-16,-11,0,-18,0,-10,0,-5,0,-64,-53,-64,-63,-56,0,0,-17,0,-37,-24,19,6,37,27,47,14,18,10,12,16,19,12,19,22,61,68,62,9,12,10,11,7,3,6,79,66,72,27,22,16,36,22,31,29,33,8,25,0,0,0,24,0,0,0,14,-6,0,0,0,0,0,0,0,0,0,0,0,0,8,8,942,883]} 1. e4 e5 2. Bc4 Nf6 3. Qe2 Bc5 4. Nf3 d6 5. c3 Nc6 6. d3 Be6 {C54: Giuoco Piano: 4 c3 Nf6, main lines with 5 d4 and 5 d3} (6... Bb6 7. Bg5 h6 8. Bh4 Qe7 9. Nbd2 g5 10. Bg3 Bg4 11. Nf1 Nh5 12. Bb5 Nf4 13. Bxf4 gxf4 14. N1d2 {0-1 (30) Ivanchuk,V (2740)-Shirov,A (2710) Linares 1998}) 7. Bb5 Bd7 8. Nbd2 a6 {The position is equal.} 9. Ba4 b5 $146 ({Predecessor:} 9... Qe7 10. Nf1 Ng4 11. Ne3 Nxe3 12. Bxe3 Bxe3 13. fxe3 O-O 14. O-O f5 15. exf5 Rxf5 {1-0 (49) Grover,S (2469)-Khumukcham,S (2137) Dharamshala 2014}) 10. Bc2 Bb6 11. Nf1 Ne7 {[%cal Bc6e7,Be7g6,Bg6f4][%mdl 32]} 12. d4 Ng6 13. Ng3 O-O 14. h3 (14. O-O $11) 14... Nf4 $15 15. Qf1 Qe7 16. Be3 Be6 17. dxe5 dxe5 18. Nxe5 Bxe3 19. fxe3 N6h5 20. Qf2 Nxg3 21. Qxg3 Nh5 22. Qf2 f5 23. exf5 Bxf5 24. Bb3+ ({But not} 24. Bxf5 Qxe5 25. g4 g6 $15) 24... Be6 25. Nf3 Bxb3 26. axb3 Rfe8 27. O-O Qxe3 28. Rfe1 ({White should try} 28. Qxe3 $14 Rxe3 29. Nd4) 28... Qxf2+ $11 29. Kxf2 Nf4 {[#] Hoping for ...Nd3+.} 30. Rxe8+ Rxe8 {[%mdl 4096] Endgame KRN-KRN} 31. Kg3 Nd3 (31... Ne2+ $11 {remains equal.} 32. Kf2 Nf4) 32. Rxa6 $16 c5 33. Rb6 (33. Rd6 $5 {[%cal Rd6d3]} Re3 34. Kg4 $14) 33... b4 34. cxb4 cxb4 35. Nd4 Re3+ 36. Kh2 Re4 37. Nc6 h6 38. Kg3 Re3+ 39. Kh2 Re4 40. Kg3 Re3+ 41. Kg4 Re2 42. Kf5 Rxb2 43. g3 Kh7 44. Nd4 Rg2 45. Kg4 Rf2 {[#] ...Ne5+ is the strong threat.} 46. Rb7 Kg6 47. Ne6 Ne5+ 48. Kh4 h5 {[%cal Re5f3]} 49. g4 Rg2 $2 {[%mdl 8192]} (49... hxg4 $11 50. hxg4 Rh2+ 51. Kg3 Rc2) 50. Nf4+ {[%mdl 64] Double Attack. Accuracy: White = 45%, Black = 39%.} 1-0

[Event "Asian Zonal 3.3 Women 2019"]
[Site "Ulaanbaatar"]
[Date "2019.04.09"]
[Round "3.16"]
[White "Mendoza, Shania Mae"]
[Black "Unurzul, Davaakhuu"]
[Result "1/2-1/2"]
[WhiteElo "2156"]
[BlackElo "1378"]
[Annotator "TA"]
[PlyCount "132"]
[EventDate "2019.04.07"]
[EventType "swiss"]
[EventRounds "9"]
[EventCountry "MGL"]
[SourceTitle "playchess.com"]
[Source "ChessBase"]
[SourceQuality "1"]

{[%evp 17,132,-47,-54,-47,-26,-20,-4,-43,-2,-55,-58,-69,-34,-34,-34,-43,-39,-81,-47,-104,-76,-62,-36,-37,-25,-66,-56,-84,-64,-58,0,-51,145,157,158,153,192,203,182,193,193,189,220,179,298,271,395,38,137,0,12,0,0,0,0,-26,0,-46,-51,-52,-50,-88,-27,-54,-36,-51,-19,-19,0,0,0,0,0,0,0,0,0,0,0,0,0,0,0,0,8,0,0,-66,0,-8,0,-66,0,0,0,0,0,-8,0,0,0,0,0,0,0,0,0,-9,-9,-71,0,0,0,0,0,-196,-181]} 1. e4 e5 2. Nf3 Nc6 3. Bc4 Bc5 4. c3 Nf6 5. d4 exd4 6. cxd4 Bb4+ 7. Nc3 Nxe4 8. O-O Bxc3 9. d5 Bf6 {Hoping for ...Ne7.} 10. Re1 {C54: Giuoco Piano: 4 c3 Nf6, main lines with 5 d4 and 5 d3} O-O {...Nd6 is the strong threat.} (10... Ne7 11. Rxe4 d6 12. Bb5+ Bd7 13. Bxd7+ Qxd7 14. Bg5 Bxg5 15. Nxg5 O-O 16. Nxh7 Kxh7 17. Qh5+ Kg8 18. Rh4 f5 19. Re1 Nxd5 20. Qh7+ Kf7 21. Qh5+ Kg8 22. Qh7+ Kf7 {½-½ (22) Ivekovic,Z (2409)-Cvitan,O (2487) Mali Losinj 2017}) 11. Rxe4 Na5 12. Bd3 $1 {The position is equal.} b6 13. Rb1 (13. Re2 $11) 13... Nb7 $15 14. Bc2 Nc5 $146 ({Predecessor:} 14... Nd6 15. Re3 Bb7 16. Qd3 g6 17. Bb3 Qc8 {0-1 (40) Van Hove,O (1387)-Bender,J Leverkusen 2008}) 15. Re1 d6 16. b4 Nd7 17. Bf4 Re8 18. Qd2 (18. Rxe8+ $15 Qxe8 19. Qd3) 18... Ne5 19. Nd4 Bb7 20. Ba4 Rf8 21. Bb3 Qd7 22. Rbc1 Ng6 23. Be3 Nh4 ({Black should play} 23... a5 $15) 24. h3 ({Better is} 24. Bg5 $11) 24... Nf5 $2 (24... Rae8 $15 {keeps the upper hand.}) 25. Nxf5 $16 {[%mdl 64] Overworked Piece} Qxf5 26. Rxc7 {Threatens to win with g4.} Ba6 27. Bc2 Qh5 28. Bf4 Rfd8 29. a4 Rac8 30. Rxc8 ({But not} 30. Rxa7 $6 Bc3 $16) 30... Rxc8 (30... Bxc8 $142 31. Bxd6 g6) 31. b5 Bb7 (31... g5 $142 32. Bxd6 (32. bxa6 Bc3 $14) 32... Bc3) 32. Bb3 $2 (32. Qe3 $1 $18 {[%cal Re3e8] White threatens Qe8+! and mate.} Rf8 33. Bxd6 Qxd5 34. Qe4 Qxe4 35. Bxe4) 32... g6 (32... g5 $1 $14 33. Bg3 (33. Bxd6 Bc3 $11) 33... Bc3) 33. Rc1 (33. Qe3 $16) 33... Be5 34. Bxe5 Qxe5 35. Re1 Qf6 36. Kh2 Rc3 37. Ba2 Kg7 38. Re4 Bc8 39. Rd4 Rc5 (39... Qe5+ $17 40. f4 Qe3 41. Qxe3 Rxe3) 40. Bb1 Bf5 41. Be4 Bxe4 42. Rxe4 $15 {[%mdl 4096] Endgame KQR-KQR} Qf5 43. Re7 Rxd5 44. Qb2+ Qf6 45. Qxf6+ Kxf6 46. Rxa7 $11 {KR-KR} Rd4 47. Kg3 h5 48. Kf3 Ke6 49. Ke3 Rc4 50. Ra6 Ke5 51. a5 bxa5 52. b6 (52. Rxa5 $11 Rb4 53. Kd3) 52... Rb4 (52... a4 $1 $15) 53. Rxa5+ d5 54. f4+ ({White should try} 54. Ra7 $11) 54... Kd6 (54... Ke6 $15) 55. Ra7 Rxb6 56. Rxf7 Ke6 57. Rg7 Kf5 58. Rf7+ Ke6 59. Rf8 Rb3+ 60. Kd4 Rg3 61. Re8+ Kf5 62. Re2 (62. Rf8+ {keeps more tension.} Ke6) 62... Kxf4 63. Kxd5 {[#]} (63. Rf2+ $11 {keeps the balance.} Kg5 64. Kxd5) 63... Rg5+ (63... Re3 $1 $17 {[%cal Re3e2]} 64. Rc2 Kg3) 64. Ke6 $1 Rf5 65. Rf2+ Kg5 $1 66. Rd2 $2 {[#]} (66. Rxf5+ $11 gxf5 67. Ke5) 66... Kh4 $1 {Accuracy: White = 36%, Black = 48%.} 1/2-1/2

[Event "Asian Zonal 3.3 Women 2019"]
[Site "Ulaanbaatar"]
[Date "2019.04.09"]
[Round "3.17"]
[White "Lkhagvajed, Gantulga"]
[Black "Amina, Battsooj"]
[Result "0-1"]
[WhiteElo "1344"]
[BlackElo "2155"]
[Annotator "TA"]
[PlyCount "76"]
[EventDate "2019.04.07"]
[EventType "swiss"]
[EventRounds "9"]
[EventCountry "MGL"]
[SourceTitle "playchess.com"]
[Source "ChessBase"]
[SourceQuality "1"]

{[%evp 20,76,15,15,15,22,15,8,19,0,31,-7,18,-32,-38,-35,0,-64,100,29,87,81,86,21,26,17,22,20,19,19,30,25,55,0,8,0,32,22,15,15,22,22,30,-302,-286,-329,-337,-665,-662,-643,-649,-637,-623,-1311,-1200,-1605,-1366,-1272,-1248]} 1. d4 d5 2. Nf3 Nf6 3. Bg5 e6 4. Nbd2 Be7 5. e3 O-O 6. Bd3 b6 7. O-O Bb7 8. c3 c5 9. Ne5 Nbd7 {[%cal Bb8d7,Bd7f6,Bf6d5][%mdl 32]} 10. f4 h6 11. Bh4 Ne4 {D03: 1 d4 d5 2 Nf3 Nf6 3 Bg5, including Torre Attack with early ...d5} 12. Bxe7 Qxe7 13. Nxe4 (13. a4 Nxe5 14. fxe5 Qg5 15. Rf4 cxd4 16. cxd4 f5 17. exf6 Rxf6 18. Nf3 Qg6 19. Ne5 {0-1 (40) Yudin,S (2517)-Predke,A (2579) Samara 2017}) 13... dxe4 {The position is equal.} 14. Bc2 Nf6 15. h3 $146 ({Predecessor:} 15. Qe2 Rad8 16. f5 Rd6 17. fxe6 Qxe6 18. Rf4 Nd5 19. Rf2 {0-1 (50) Verma,A-Stoyanov,T (1634) Prague 2012}) 15... Rfd8 16. Kh2 Rac8 17. g4 Nd5 18. Qe2 (18. Qe1 $11) 18... f5 $2 (18... f6 $1 $15 {stays ahead.} 19. Ng6 Qc7) 19. gxf5 (19. dxc5 $16 Rxc5 20. gxf5) 19... exf5 (19... cxd4 $11 20. exd4 exf5) 20. Bb3 $16 cxd4 21. Bxd5+ ({Better is} 21. cxd4 $16 Qe8 22. Rg1) 21... Bxd5 $11 22. exd4 Bf7 23. Rg1 Qh4 24. Qe3 Rc7 25. Rg3 b5 26. a3 ({White should try} 26. a4 $14) 26... Be8 27. Rd1 Re7 28. Qf2 Kh8 29. Rg2 Qxf2 30. Rxf2 Kh7 31. d5 $2 {[%mdl 8192] [#]} (31. Re1 $11 {and White is okay.}) 31... e3 $1 $19 {[%cal Re3f2]} 32. Rc2 g5 33. d6 $2 (33. Kg3 Bh5 34. Rd4) 33... gxf4 {Black is clearly winning.} 34. Rd5 Re6 35. d7 Bh5 36. Kg2 {[#]} f3+ $1 {[%mdl 576] Deflection} 37. Nxf3 Rg6+ 38. Kf1 Bxf3 {Accuracy: White = 19%, Black = 41%.} 0-1

[Event "Asian Zonal 3.3 Women 2019"]
[Site "Ulaanbaatar"]
[Date "2019.04.09"]
[Round "3.18"]
[White "Bayarmaa, Bayarjargal"]
[Black "Khanyl, Chuluuntuya"]
[Result "1-0"]
[WhiteElo "2147"]
[BlackElo "1375"]
[Annotator "TA"]
[PlyCount "61"]
[EventDate "2019.04.07"]
[EventType "swiss"]
[EventRounds "9"]
[EventCountry "MGL"]
[SourceTitle "playchess.com"]
[Source "ChessBase"]
[SourceQuality "1"]

{[%evp 20,60,47,47,56,73,256,265,277,274,280,280,280,280,278,277,294,270,462,409,399,399,1157,1152,1136,1122,1962,1889,29988,1796,29991,29992,29992,29993,29993,29994,29995,29996,29996,29997,29997,29998,29999]} 1. d4 d5 2. c4 c6 3. Nf3 Nf6 4. Nc3 e6 5. cxd5 cxd5 6. Bg5 Be7 7. e3 O-O 8. Bd3 Nbd7 9. O-O b6 10. Rc1 Bb7 11. Qe2 {LiveBook: 7 Games. D51: Queen's Gambit Declined: 4 Bg5 Nbd7 sidelines} h6 (11... Ne4 12. Bxe7 Qxe7 13. Nb5 Rfc8 14. Nc7 Rab8 15. Ba6 Ndc5 16. Bxb7 Nxb7 17. Na6 Ra8 18. Ne5 Nd8 {½-½ (27) Wang,Y (2734)-Gagunashvili,M (2599) Nakhchivan 2011}) 12. Bf4 $146 ({Predecessor:} 12. Bh4 Re8 13. Nb5 Rf8 14. Rc7 Rb8 15. Rfc1 a6 16. Na7 Nc5 17. dxc5 Qxc7 18. Bg3 Qd7 19. Bxb8 bxc5 20. Ne5 {0-1 (58) Barbageorgopoulou,F (1801)-Hristodoulaki,A (1857) Kallithea 2009}) 12... Re8 $2 {[#]} (12... Nh5 $16) 13. Nb5 $1 $18 {White has a decisive advantage.} Rf8 {[#]} 14. Bc7 $1 {[%cal Rc7d8]} Qe8 {Now ...Ne4 and Black clings on.} 15. Nd6 Bxd6 16. Bxd6 Qd8 17. Bxf8 Qxf8 18. Rc7 Bc8 $2 (18... Qb8) 19. Rfc1 Qd8 20. Qc2 Nf8 $2 (20... Nc5 21. Rxc8 (21. dxc5 Qxc7 22. h3 bxc5 $16) 21... Rxc8 22. dxc5 Rxc5) 21. Rxc8 Rxc8 22. Qxc8 Qd6 23. Ne5 Qb4 24. Qc7 (24. Qb7 $142 Kh8 25. Qxf7 Ne4 26. Rc8 Qe1+ 27. Bf1 Qxf2+ 28. Qxf2 Nxf2 29. Rxf8+ Kh7 30. Kxf2) 24... Ne4 25. Bxe4 {White mates.} dxe4 26. Qxf7+ Kh8 27. h3 Qxb2 28. Rc7 {[%csl Gc7][%cal Rf7g7]} Qb1+ 29. Kh2 {[%csl Gc7][%cal Rf7g7]} Qh1+ 30. Kxh1 {[%csl Gc7][%cal Rf7g7]} g5 31. Qg7# {Precision: White = 92%, Black = 22%.} 1-0

[Event "Asian Zonal 3.3 Women 2019"]
[Site "Ulaanbaatar"]
[Date "2019.04.09"]
[Round "3.19"]
[White "Enkhnasan, Namjiljav"]
[Black "Ng, Sau Wai"]
[Result "1-0"]
[WhiteElo "1610"]
[BlackElo "1154"]
[Annotator "NA RC"]
[PlyCount "103"]
[EventDate "2019.04.07"]
[EventType "swiss"]
[EventRounds "9"]
[EventCountry "MGL"]
[SourceTitle "playchess.com"]
[Source "ChessBase"]
[SourceQuality "1"]
[TimeControl "40/5400+30:1800+30"]

1. d4 Nf6 2. c4 e5 3. d5 Bc5 4. e3 d6 5. h3 O-O 6. Nc3 a6 7. Bd3 Re8 8. Qc2 c6 9. e4 Nh5 10. Qe2 Nf6 11. Nf3 Nbd7 12. Bd2 cxd5 13. exd5 Bd4 14. O-O Nc5 15. Bc2 Rb8 16. b4 Ncd7 17. Rac1 Nf8 18. Ne4 Ba7 19. Nxf6+ gxf6 20. Bh6 Ng6 21. Qd2 e4 22. Nd4 Bxd4 23. Qxd4 Bf5 24. g4 Nh4 25. Qe3 Bg6 26. Bd1 Qe7 27. Rc3 Qe5 28. Bf4 Qe7 29. Qg3 Nf3+ 30. Bxf3 Rbd8 31. Be2 Kh8 32. h4 f5 33. g5 h6 34. Be3 Kh7 35. h5 Rg8 36. hxg6+ Rxg6 37. Qh4 Qe5 38. Rb3 Rdg8 39. Kh1 f6 40. Bh5 fxg5 41. Bxg6+ Rxg6 42. Qh2 f4 43. Bb6 g4 44. Bd8 Qf5 45. Qh4 f3 46. Qh2 Qf8 47. Bh4 Rg7 48. Re3 Qc8 49. Rxe4 Qf5 50. Re7 Qd3 51. Rxg7+ Kxg7 52. Rg1 1-0

[Event "Asian Zonal 3.3 Women 2019"]
[Site "Ulaanbaatar"]
[Date "2019.04.10"]
[Round "4.1"]
[White "Mandukhai, Myagmarsuren"]
[Black "Munguntuul, Batkhuyag"]
[Result "0-1"]
[WhiteElo "1902"]
[BlackElo "2415"]
[Annotator "TA"]
[PlyCount "60"]
[EventDate "2019.04.07"]
[EventType "swiss"]
[EventRounds "9"]
[EventCountry "MGL"]
[SourceTitle "playchess.com"]
[Source "ChessBase"]
[SourceQuality "1"]

{[%evp 23,59,0,14,-20,-6,-21,-21,-10,31,0,67,68,64,62,59,44,78,0,0,0,0,0,0,-500,-507,-474,-498,-1070,-1011,-29995,-29994,-29995,0,-29996,-29997,-29997,-29998,-29999]} 1. d4 d5 2. c4 c6 3. Nc3 Nf6 4. e3 e6 5. Nf3 Nbd7 6. Qc2 Bd6 7. b3 O-O 8. Be2 b6 9. O-O Bb7 10. Bb2 Qe7 11. Rfd1 Rfd8 {D45: Semi-Slav: 5 e3} 12. Rac1 Rac8 {LiveBook: 39 Games} 13. e4 dxe4 {The position is equal.} 14. Nxe4 Nxe4 15. Qxe4 {[#]} f5 $146 ({Predecessor:} 15... Nf6 16. Qh4 c5 17. Ne5 cxd4 18. Qxd4 Qc7 19. Bd3 Ba3 20. Qc3 Bxb2 21. Qxb2 Nh5 22. Bf1 f6 23. Kh1 {½-½ (23) Raykin,L (2615)-Branding,G (2601) ICCF email 2004}) 16. Qc2 Bf4 (16... c5 $11) 17. Ra1 c5 18. d5 Nf6 19. Bd3 {Strongly threatening Re1.} exd5 20. Bxf6 ({White should play} 20. cxd5 $16 Ne4 21. g3) 20... Qxf6 $11 21. Bxf5 d4 {[%cal Bd5d4,Bd4d3][%mdl 32] ...Bxf3 is the strong threat.} 22. Bxc8 ({Don't play} 22. Bxh7+ Kh8 $17) 22... d3 23. Be6+ $2 {[%mdl 8192]} (23. Qxd3 $1 $11 {and White is okay.} Rxd3 24. Bxb7) 23... Kh8 $19 24. Qb1 {And now Bd5 would win.} Bxf3 $1 25. Bd5 ({Much worse is} 25. gxf3 Qxe6 26. Kg2 Qg6+ 27. Kf1 Bxh2) (25. Rxd3 $142 Rxd3 26. gxf3) 25... Rxd5 26. cxd5 {[#]} Bxh2+ $1 {[%mdl 512]} 27. Kxh2 Qh4+ 28. Kg1 {[#]} Qg4 $1 {[%csl Gf3][%cal Rg4g2] Black mates.} 29. Kf1 Bxg2+ 30. Ke1 Qe2# {Precision: White = 50%, Black = 82%.} 0-1